| 000 | 00674nam a2200193 i 4500 | ||
|---|---|---|---|
| 001 | 129832 | ||
| 003 | ES-MaACL | ||
| 005 | 20230906193604.0 | ||
| 007 | t| | ||
| 008 | 070709s1806 fr |||| | fre d | ||
| 080 | _a050.9 | ||
| 245 | 0 | 0 | _aManuel pour la concordance des calendriers républicain et grégorien ou recueil complet de tous les annuaires depuis la première année républicaine. |
| 250 | _a2e éd. | ||
| 260 |
_aParis : _bAntoine-Augustin Renouard, _c1806. |
||
| 300 |
_a212 p. ; _c18 cm. |
||
| 650 | 1 | 4 |
_aCalendario gregoriano. _910679 |
| 650 | 4 |
_aCalendarios- _zFrancia. _9166420 |
|
| 852 |
_aES-MaACL _jE-11847 _z. - Biblioteca Jacinto Martínez Lacalle |
||
| 999 |
_c129832 _d129832 |
||